4 premios nacionales: (Record no. 1539)

MARC details
000 -LEADER
campo de control de longitud fija 00467nam a2200121 4500
008 - DATOS DE LONGITUD FIJA--INFORMACIÓN GENERAL
campo de control de longitud fija 708.983 M986c
082 ## - NÚMERO DE LA CLASIFICACIÓN DECIMAL DEWEY
Número de clasificación 708.983
Número de ítem M986c
100 ## - ENTRADA PRINCIPAL--NOMBRE DE PERSONA
Nombre de persona Ortega-Márquez, Inés (curadora)
9 (RLIN) 6491
245 ## - MENCIÓN DEL TÍTULO
Título 4 premios nacionales:
Resto del título José Balmes, Gracia Barrios, Roser Bru, Guillermo Núñez
260 ## - PUBLICACIÓN, DISTRIBUCIÓN, ETC.
Lugar de publicación, distribución, etc. Santiago de Chile
Nombre del editor, distribuidor, etc. Museo Nacional de Bellas Artes
Fecha de publicación, distribución, etc. 2017
300 ## - DESCRIPCIÓN FÍSICA
Extensión 84 p.
Otras características físicas ill (col)
Dimensiones 21 x 14 cm
650 ## - PUNTO DE ACCESO ADICIONAL DE MATERIA--TÉRMINO DE MATERIA
Subdivisión general arte contemporáneo
-- arte - exhibiciones
-- Chile
-- artes visuales
9 (RLIN) 6492
Holdings
Estatus retirado Estado de pérdida Fuente del sistema de clasificación o colocación Estado de daño No para préstamo Biblioteca de origen Biblioteca actual Ubicación en estantería Fecha de adquisición Total de préstamos Signatura topográfica completa Código de barras Visto por última vez Precio de reemplazo Tipo de ítem Koha
    Clasificación Decimal Dewey     Biblioteca LadoV Biblioteca LadoV   07/07/2018   708.983 M986c 004618 07/07/2018 07/07/2018 Material 01